My five senses /

A simple presentation of the five senses, demonstrating some ways we use them.

Bibliographic Details
Main Author: Aliki
Format: Book
Language:English
Published: New York : HarperCollins, [1989]
Edition:Rev. ed.
Series:Let's-read-and-find-out science.
Subjects:

MARC

Tag First Indicator Second Indicator Subfields
LEADER 00000cam a2200000 a 4500
001 in00002425116
005 20151109135257.0
008 921117s1989 nyua j 000 0 eng d
010 |z  88035350  
020 |a 0690047940 (lib. bdg.) 
020 |a 9780690047943 (lib. bdg.) 
020 |a 0690047924 (hard) 
020 |a 9780690047929 (hard) 
020 |a 006445083X (pbk.) 
020 |a 9780064450836 (pbk.) 
035 |a (OCoLC)ocm26987218 
040 |a JJJ  |c JJJ  |d CAW  |d TXA  |d UtOrBLW 
049 |a TXAM 
082 0 |a 612.8 
090 |a QP434  |b .A43 1989 
100 0 |a Aliki. 
245 1 0 |a My five senses /  |c by Aliki. 
250 |a Rev. ed. 
264 1 |a New York :  |b HarperCollins,  |c [1989] 
264 4 |c ©1989 
300 |a 31 pages :  |b color illustrations ;  |c 19 x 24 cm. 
336 |a text  |b txt  |2 rdacontent 
337 |a unmediated  |b n  |2 rdamedia 
338 |a volume  |b nc  |2 rdacarrier 
490 1 |a Let's-read-and-find-out science. Stage 1 
520 |a A simple presentation of the five senses, demonstrating some ways we use them. 
650 0 |a Senses and sensation  |v Juvenile literature. 
650 1 |a Senses and sensation. 
830 0 |a Let's-read-and-find-out science.  |n Stage 1. 
948 |a cataloged  |b h  |c 2008/10/10  |d c  |e dmitchel  |f 10:20:30 am 
994 |a C0  |b TXA 
999 |a MARS 
999 f f |s 20f67881-6b53-35cc-8e09-c46498c79651  |i c941b172-f237-3269-8983-2a02817fe5ba  |t 0 
952 f f |p normal  |a Texas A&M University  |b College Station  |c Sterling C. Evans Library  |d Evans: Curriculum Collection (4th floor)  |t 0  |e QP434 .A43 1989  |h Library of Congress classification  |i unmediated -- volume  |m A14836642730 
998 f f |a QP434 .A43 1989  |t 0  |l Evans: Curriculum Collection (4th floor)